000 00800nam a22002177a 4500
003 OSt
005 20240724143719.0
008 240723b ||||| |||| 00| 0 eng d
022 _a09756671
040 _cAIMIT LIBRARY
082 _a658
_bMANP
110 _aSummer Internship Society
_9173958
245 _aManagement prudence /
_cBy Summer Internship Society
260 _aSagar ;
_bSummer Internship Society ,
_c2012,2014.
300 _bHB
_c27.7 cm
440 _aManagement prudence
_vVol.III No.I-II/2012 Vol.VI No.1-2/2014
_9173959
650 _aRole of family and purchase decision of two wheeler
_9173960
650 _aPerception of consumers towards organized retailing in Hyderabad City
_9173961
650 _aMeasuring training effectiveness at HDL
_9173962
942 _2ddc
_cBV
_k658 MANP
999 _c231499
_d231499